Szczegóły MARC21

Sztuka świata. T. 4 /

003 -Nazwa inst., której nr kontr. jest w polu 001 [,]
    • @
    • Nazwa instytucji, której n kontrolny jest w polu 001
    • NUKAT
005 -DATA I CZAS OSTATNIEJ MODYFIKACJI [,]
    • @
    • pole kontrolne
    • 20260429190241.0
020 -Międzynarod. znormalizowany nr książki - ISBN [ , ]
    • a
    • Numer ISBN
    • 8321334792 Find
    • q
    • Dopowiedzenie
    • całość
020 -Międzynarod. znormalizowany nr książki - ISBN [ , ]
    • a
    • Numer ISBN
    • 8321335497 Find
    • q
    • Dopowiedzenie
    • t. 4
040 -Instytucja sporządzająca opis [ , ]
    • a
    • Instytucja, która sporządziła opis (NP)
    • LUBL U/bg
    • c
    • Instytucja, która sporządziła rekord (NP)
    • LUBL U/bg
    • d
    • Instytucja, która zmodyfikowała rekord (P)
    • LUBL U/ABs
    • d
    • Instytucja, która zmodyfikowała rekord (P)
    • LUBL U/bgk
    • d
    • Instytucja, która zmodyfikowała rekord (P)
    • WR O/ZW
    • d
    • Instytucja, która zmodyfikowała rekord (P)
    • GL 001/KGM
    • d
    • Instytucja, która zmodyfikowała rekord (P)
    • GD 27/LKs
041 -Język dokumentu [1, ]
    • a
    • Język tekstu (P)
    • polski
    • h
    • Język tekstu oryginalnego i/lub pośredniego (P)
    • hiszpański
    • h
    • Język tekstu oryginalnego i/lub pośredniego (P)
    • niemiecki
942 -Rodzaj dokumentu [ , ]
    • c
    • Rodzaj dokumentu
    • Książka
245 -Strefa tytułu i oznaczenia odpowiedzialności [0,0]
    • a
    • Tytuł
    • Sztuka świata. Find
    • n
    • Oznaczenie części (P)
    • T. 4 /
    • c
    • Pozostałe elementy strefy tytułu i oznaczenia odpowiedzialności (NP)
    • [aut. wyd. hisz. José Pijoan, Jeannine Auboyer, Janette Ostier ; aut. tekstów pol. Marek Machowski, Natalia Świdzińska, Przemysław Trzeciak ; przekł. z hisz. Rajmund Kalicki ; rozdz. o sztuce islamu z niem. przeł. Barbara Ostrowska ; red. nauk. t. - koord. Józef Mrozek].
246 -Wariant tytułu [1, ]
    • i
    • Tekst wyświetlany na ekranie monitora (NP)
    • Tyt. oryg.:
    • a
    • Tytuł (NP)
    • Historia del arte
260 -Strefa adresu wydawniczego [ , ]
    • a
    • Miejsce wydania (P)
    • Warszawa :
    • b
    • Nazwa wydawcy (P)
    • Arkady,
    • c
    • Data wydania (P)
    • 1990.
300 -Strefa opisu fizycznego [ , ]
    • a
    • Określenie formy książki i/lub objętość (NP)
    • 390, [2] s. :
    • b
    • Oznaczenie ilustracji (NP)
    • il. kolor. ;
    • c
    • Format (NP)
    • 30 cm.
336 -Typ zawartości [ , ]
    • a
    • Termin opisujący typ zawartości
    • Tekst
    • b
    • Kod określający zawartość
    • txt
    • 2
    • Źródło (terminu i kodu)
    • rdacontent
337 -Typ mediów [ , ]
    • a
    • Tryb odtwarzania
    • Bez urządzenia pośredniczącego
    • b
    • Kod typu mediów
    • n
    • 2
    • Źródło (terminu i kodu)
    • rdamedia
338 -Typ/rodzaj nośnika [ , ]
    • a
    • Hasło opisujące typ nośnika
    • Wolumin
    • b
    • Kod typu nośnika
    • nc
    • 2
    • Źródło (terminu i kodu)
    • rdacarrier
380 -Deskryptor - Forma dzieła (P) [ , ]
    • a
    • forma dzieła (NP)
    • Książki
504 -Uwaga dot. bibliogr. załącznikowej [ , ]
    • a
    • Uwaga dot. bibliografii załącznikowej
    • Bibliogr. s. 382-[385]. Indeks.
080 -Uniwersalna Klasyfikacja Dziesiętna [ , ]
    • a
    • Symbol klasyfikacji
    • 7.03(100)(091)(084.11)
650 -Hasło przedmiotowe [ ,7]
    • a
    • Hasło przedmiotowe
    • Sztuka Azji
    • 2
    • Źródło terminu
    • DBN
    • 9
    • KHW
    • 746181
650 -Hasło przedmiotowe [ ,7]
    • a
    • Hasło przedmiotowe
    • Sztuka indyjska
    • 2
    • Źródło terminu
    • DBN
    • 9
    • KHW
    • 746516
650 -Hasło przedmiotowe [ ,7]
    • a
    • Hasło przedmiotowe
    • Sztuka islamu
    • 2
    • Źródło terminu
    • DBN
    • 9
    • KHW
    • 746280
650 -Hasło przedmiotowe [ ,7]
    • a
    • Hasło przedmiotowe
    • Sztuka japońska
    • 2
    • Źródło terminu
    • DBN
    • 9
    • KHW
    • 746515
650 -Hasło przedmiotowe [ ,7]
    • a
    • Hasło przedmiotowe
    • Sztuka gotycka.
    • 2
    • Źródło terminu
    • kaba
    • 9
    • KHW
    • 132346
650 -Hasło przedmiotowe [ ,7]
    • a
    • Hasło przedmiotowe
    • Sztuka
    • z
    • Określnik geograficzny
    • Indie.
    • 2
    • Źródło terminu
    • kaba
    • 9
    • KHW
    • 132247
650 -Hasło przedmiotowe [ ,7]
    • a
    • Hasło przedmiotowe
    • Sztuka
    • z
    • Określnik geograficzny
    • Japonia.
    • 2
    • Źródło terminu
    • kaba
    • 9
    • KHW
    • 132260
650 -Hasło przedmiotowe [ ,7]
    • a
    • Hasło przedmiotowe
    • Sztuka islamska.
    • 2
    • Źródło terminu
    • kaba
    • 9
    • KHW
    • 132377
658 -Ujęcie treści [ , ]
    • a
    • dziedzina nauki i sztuki/ sfera aktywności życiowej
    • Historia
658 -Ujęcie treści [ , ]
    • a
    • dziedzina nauki i sztuki/ sfera aktywności życiowej
    • Kultura i sztuka
980 -Symbol UKD [ , ]
    • a
    • UKD
    • 7.03(100)(091)(084.11)
700 -Hasło dodatkowe - nazwa osobowa [1, ]
    • a
    • Nazwa osobowa (NP)
    • Pijoán, José Find
    • d
    • Daty biograficzne (NP)
    • (1881-1963).
    • 9
    • KHW
    • 543882
700 -Hasło dodatkowe - nazwa osobowa [1, ]
    • a
    • Nazwa osobowa (NP)
    • Auboyer, Jeannine Find
    • d
    • Daty biograficzne (NP)
    • (1912-1990).
    • 9
    • KHW
    • 73630
700 -Hasło dodatkowe - nazwa osobowa [1, ]
    • a
    • Nazwa osobowa (NP)
    • Ostier, Janette. Find
    • 9
    • KHW
    • 543888
700 -Hasło dodatkowe - nazwa osobowa [1, ]
    • a
    • Nazwa osobowa (NP)
    • Machowski, Marek. Find
    • 9
    • KHW
    • 543886
700 -Hasło dodatkowe - nazwa osobowa [1, ]
    • a
    • Nazwa osobowa (NP)
    • Świdzińska, Natalia. Find
    • 9
    • KHW
    • 503078
700 -Hasło dodatkowe - nazwa osobowa [1, ]
    • a
    • Nazwa osobowa (NP)
    • Trzeciak, Przemysław Find
    • d
    • Daty biograficzne (NP)
    • (1931- ).
    • 9
    • KHW
    • 537323
700 -Hasło dodatkowe - nazwa osobowa [1, ]
    • a
    • Nazwa osobowa (NP)
    • Kalicki, Rajmund Find
    • d
    • Daty biograficzne (NP)
    • (1944- ).
    • e
    • Określenie rodzaju współpracy
    • Tł.
    • 9
    • KHW
    • 28184
700 -Hasło dodatkowe - nazwa osobowa [1, ]
    • a
    • Nazwa osobowa (NP)
    • Ostrowska, Barbara Find
    • d
    • Daty biograficzne (NP)
    • (1950- ).
    • e
    • Określenie rodzaju współpracy
    • Tł.
    • 9
    • KHW
    • 57292
700 -Hasło dodatkowe - nazwa osobowa [1, ]
    • a
    • Nazwa osobowa (NP)
    • Mrozek, Józef. Find
    • e
    • Określenie rodzaju współpracy
    • Red.
    • 9
    • KHW
    • 543887
710 -Hasło dodatkowe - nazwa ciała zbiorowego [2, ]
    • a
    • Nazwa ciała zbiorowego lub nazwa geograficzna jako pierwszy element (NP)
    • Wydawnictwo Arkady.
    • 4
    • Kod relacji
    • pbl
    • 9
    • KHW
    • 506560
920 -ISBN [ , ]
    • a
    • ISBN
    • 83-213-3479-2 Find
    • q
    • Dopowiedzenie
    • całość
920 -ISBN [ , ]
    • a
    • ISBN
    • 83-213-3549-7 Find
    • q
    • Dopowiedzenie
    • t. 4
Sygnatura Lokalizacja Data inwentaryzacji Status udost. Numer inwentarzowy
 BG1997-05-191Z.80228
POL. Sztuka 22BM1997-05-191P.9259
 BNS1997-05-191Pd.5243